000 00589cam a22001457a 4500
999 _c518329
_d518329
008 180718b-- xxu||||| |||| 00| 0 eng d
082 _aL806x54 A/2018-19
245 _aAppropriation accounts, Union Government (Civil), 2018-19
260 _aDelhi
_bThe Controller of Publications
_c2019
300 _a836p
500 _aLibrary has 1992/93-2001/02, 2003/04, 2006/07-2007/08, 2009/10-2010/11,2017-18,2018-19
650 _aIndia - Appropriations and expenditures
_98354
700 _aIndia. Ministry of Finance. Department of Expenditure. Controller General of Accounts
_98355
942 _2ddc